[Event "Geller Memorial"]
[Site "Moscow"]
[Date "1999.02.03"]
[Round "2.42"]
[White "Belov, Vladimir"]
[Black "Beshukov, Sergei"]
[Result "0-1"]
[WhiteElo "2349"]
[BlackElo "2511"]
[PlyCount "92"]
[EventDate "1999.02.02"]

1. d4 d5 2. c4 e6 3. Nf3 c6 4. Qc2 Nf6 5. Bg5 h6 6. Bxf6 Qxf6 7. e3 Nd7 8. Nc3
g6 9. Bd3 dxc4 10. Bxc4 Bg7 11. O-O Qe7 12. Rfd1 O-O 13. Rac1 Nb6 14. Ne4 Nxc4
15. Qxc4 Rd8 16. Ne5 Bd7 17. a4 Be8 18. a5 f6 19. Nf3 Bf7 20. Qa4 Rac8 21. h3
Be8 22. Qc4 Rd5 23. b4 Bf7 24. Qc3 g5 25. Nc5 b6 26. e4 Rdd8 27. Na4 Qb7 28.
Qe1 Qa6 29. Ra1 Qb5 30. axb6 axb6 31. Nc3 Qxb4 32. Rdb1 Qe7 33. Rxb6 c5 34.
dxc5 Qxc5 35. Na4 Qc2 36. Rb2 Qc7 37. Rab1 Qf4 38. Nb6 Rc6 39. Rb3 Bg6 40. Rb4
Bf8 41. Rd4 Rxd4 42. Nxd4 Rd6 43. Rb4 Qxe4 44. Qc3 e5 45. f3 exd4 46. Qb3+ Qe6
0-1

[Event "Geller Memorial"]
[Site "Moscow"]
[Date "1999.02.03"]
[Round "2.43"]
[White "Chekhov, Valery A"]
[Black "Polovnikova, Ekaterina"]
[Result "1-0"]
[WhiteElo "2511"]
[BlackElo "2336"]
[PlyCount "53"]
[EventDate "1999.02.02"]

1. e4 d5 2. exd5 Qxd5 3. Nc3 Qa5 4. d4 Nf6 5. Nf3 c6 6. Bc4 Bf5 7. Bd2 e6 8.
Nd5 Qd8 9. Nxf6+ gxf6 10. c3 Qc7 11. Nh4 Bg6 12. Qf3 Nd7 13. Qh3 Bg7 14. Qg3
Qxg3 15. hxg3 O-O-O 16. O-O-O Nb6 17. Be2 Bf8 18. Nxg6 fxg6 19. Rh4 Rd7 20.
Rdh1 c5 21. Bb5 Rc7 22. Re1 cxd4 23. Rxe6 Bc5 24. Rh1 Rd8 25. Re8 Nd7 26. Rxd8+
Kxd8 27. Bf4 1-0

[Event "Geller Memorial"]
[Site "Moscow"]
[Date "1999.02.04"]
[Round "3.1"]
[White "Poluljahov, Aleksandr"]
[Black "Belozerov, Andrei"]
[Result "0-1"]
[WhiteElo "2566"]
[BlackElo "2437"]
[PlyCount "58"]
[EventDate "1999.02.02"]

1. d4 Nf6 2. c4 e6 3. Nf3 c5 4. e3 d5 5. cxd5 exd5 6. Bb5+ Nc6 7. O-O Bd6 8.
dxc5 Bxc5 9. Qc2 Qd6 10. b3 O-O 11. Bb2 Nb4 12. Qd1 a6 13. Be2 Bf5 14. Nc3 Rad8
15. Rc1 Nc6 16. Na4 Ba7 17. Nd4 Bb8 18. g3 Bh3 19. Re1 Ne5 20. Nf3 Nxf3+ 21.
Bxf3 Ne4 22. Bg2 Qh6 23. Nc5 Bxg2 24. Kxg2 Nxf2 25. Kxf2 Qxh2+ 26. Kf3 Qxg3+
27. Ke2 Qg2+ 28. Kd3 Qxb2 29. Nxb7 Rc8 0-1

[Event "Geller Memorial"]
[Site "Moscow"]
[Date "1999.02.04"]
[Round "3.5"]
[White "Ulko, Jaroslav"]
[Black "Arbakov, Valentin"]
[Result "1-0"]
[WhiteElo "2397"]
[BlackElo "2482"]
[PlyCount "67"]
[EventDate "1999.02.02"]

1. d4 Nf6 2. c4 e6 3. Nc3 Bb4 4. e3 c5 5. d5 Ne4 6. Bd2 Bxc3 7. Bxc3 Nxc3 8.
bxc3 O-O 9. Bd3 d6 10. Qc2 h6 11. Ne2 exd5 12. cxd5 Qg5 13. c4 Nd7 14. O-O Qe7
15. Ng3 Ne5 16. Be2 f5 17. Qd2 Qh4 18. f4 Ng4 19. Bxg4 Qxg4 20. Rae1 Qg6 21. e4
fxe4 22. Rxe4 b6 23. Qf2 Bd7 24. f5 Qf7 25. Qe3 Rae8 26. f6 Rxe4 27. Nxe4 Qg6
28. Rf3 Rf7 29. h3 Kh7 30. Rg3 Qf5 31. Nxd6 Qxf6 32. Nxf7 Qxf7 33. Rf3 Qh5 34.
Qe7 1-0

[Event "Geller Memorial"]
[Site "Moscow"]
[Date "1999.02.04"]
[Round "3.6"]
[White "Fokin, Sergey"]
[Black "Reprintsev, Alexander"]
[Result "1/2-1/2"]
[WhiteElo "2390"]
[BlackElo "2470"]
[PlyCount "78"]
[EventDate "1999.02.02"]

1. Nf3 Nc6 2. d4 d5 3. Bf4 Bg4 4. e3 e6 5. Be2 Bd6 6. c3 Nge7 7. Nbd2 f6 8. Bg3
Nf5 9. e4 Nxg3 10. hxg3 Qd7 11. Qc2 O-O-O 12. O-O-O h5 13. Rde1 Qf7 14. exd5
exd5 15. Bd3 Ne7 16. Nh4 Kb8 17. Ng6 Rhe8 18. Nxe7 Rxe7 19. Bg6 Rxe1+ 20. Rxe1
Qd7 21. Nf1 c5 22. Kb1 cxd4 23. cxd4 Rc8 24. Qd3 Bb4 25. Rc1 Rxc1+ 26. Kxc1 f5
27. Ne3 Qc6+ 28. Nc2 Qxg6 29. Nxb4 a5 30. Nc2 h4 31. gxh4 Qh6+ 32. Qd2 Qxh4 33.
f3 Qh1+ 34. Ne1 Bh5 35. Qxa5 Qf1 36. Qd8+ Ka7 37. Qa5+ Kb8 38. Qd8+ Ka7 39.
Qa5+ Kb8 1/2-1/2

[Event "Geller Memorial"]
[Site "Moscow"]
[Date "1999.02.04"]
[Round "3.7"]
[White "Nemtsev, Igor"]
[Black "Polovodin, Igor A"]
[Result "0-1"]
[WhiteElo "2220"]
[BlackElo "2468"]
[PlyCount "92"]
[EventDate "1999.02.02"]

1. d4 d5 2. Nf3 Nf6 3. c4 e6 4. Nc3 Be7 5. cxd5 exd5 6. Bf4 O-O 7. e3 c5 8. Bd3
Nc6 9. O-O Bg4 10. dxc5 Bxc5 11. h3 Be6 12. Rc1 Be7 13. Nd4 Rc8 14. Nf5 Qd7 15.
Nxe7+ Qxe7 16. Bg5 h6 17. Bh4 Rfd8 18. f4 d4 19. Ne4 dxe3 20. Nxf6+ gxf6 21.
Qe2 Bxa2 22. Qg4+ Kf8 23. Bh7 Ke8 24. Rfe1 Be6 25. Qg7 Nd4 26. Rxc8 Rxc8 27.
Bxf6 Qb4 28. Rxe3 Ne2+ 29. Rxe2 Rc1+ 30. Kh2 Qxf4+ 31. Qg3 Rh1+ 32. Kxh1 Qxg3
33. Be5 Qb3 34. Kh2 Qb5 35. Re3 a5 36. Bc3 a4 37. Re5 Qf1 38. Ra5 Qf4+ 39. Kg1
b5 40. Rxb5 a3 41. Be5 Qe3+ 42. Kh2 a2 43. b3 Qxe5+ 44. Rxe5 a1=Q 45. Re3 Kf8
46. Be4 Qe5+ 0-1

[Event "Geller Memorial"]
[Site "Moscow"]
[Date "1999.02.04"]
[Round "3.9"]
[White "Ivanov, Victor L"]
[Black "Balashov, Yuri S"]
[Result "1-0"]
[WhiteElo "2427"]
[BlackElo "2578"]
[PlyCount "65"]
[EventDate "1999.02.02"]

1. e4 c5 2. c3 e6 3. d4 d5 4. exd5 exd5 5. Nf3 Nc6 6. Bb5 Bd6 7. dxc5 Bxc5 8.
O-O Nge7 9. Nbd2 O-O 10. Nb3 Bb6 11. Re1 Nf5 12. Bd3 Bc7 13. Bc2 g6 14. Bxf5
Bxf5 15. Bh6 Re8 16. Rxe8+ Qxe8 17. Qxd5 Be4 18. Qd1 Ne5 19. Nfd4 Qe7 20. Qe2
f5 21. f3 Bd3 22. Qe3 Bc4 23. f4 Nc6 24. Qxe7 Nxe7 25. Re1 Kf7 26. Nd2 Bd5 27.
N2f3 Re8 28. Nb5 Bb8 29. Ne5+ Kg8 30. Nd7 a6 31. Nf6+ Kf7 32. Nxe8 axb5 33. Nf6
1-0

[Event "Geller Memorial"]
[Site "Moscow"]
[Date "1999.02.04"]
[Round "3.10"]
[White "Saulin, Dmitri"]
[Black "Kiriakov, Petr"]
[Result "1/2-1/2"]
[WhiteElo "2427"]
[BlackElo "2564"]
[PlyCount "59"]
[EventDate "1999.02.02"]

1. e4 e6 2. d4 d5 3. Nc3 Nf6 4. Bg5 dxe4 5. Nxe4 Be7 6. Bxf6 gxf6 7. Nf3 f5 8.
Nc3 Bf6 9. Qd2 c5 10. d5 O-O 11. O-O-O e5 12. Kb1 Nd7 13. g4 e4 14. Ng1 fxg4
15. Nxe4 Bg7 16. h3 Qb6 17. c3 Ne5 18. hxg4 Bxg4 19. Re1 Rfe8 20. f4 Bf3 21.
Rh3 Bxe4+ 22. Rxe4 Nc4 23. Rxe8+ Rxe8 24. Bxc4 Qg6+ 25. Bd3 Qxg1+ 26. Kc2 Re1
27. Bxh7+ Kf8 28. d6 Ra1 29. Kb3 Rd1 30. Qe3 1/2-1/2

[Event "Geller Memorial"]
[Site "Moscow"]
[Date "1999.02.04"]
[Round "3.11"]
[White "Mitenkov, Alexey"]
[Black "Sherbakov, Ruslan"]
[Result "1/2-1/2"]
[WhiteElo "2425"]
[BlackElo "2559"]
[PlyCount "33"]
[EventDate "1999.02.02"]

1. d4 Nf6 2. c4 e6 3. Nf3 c5 4. d5 exd5 5. cxd5 d6 6. Nc3 g6 7. e4 a6 8. h3 b5
9. Bd3 Bg7 10. O-O O-O 11. a3 Ra7 12. Re1 Re7 13. Bf4 Rfe8 14. Qd2 Qb6 15. Bg5
Nbd7 16. Qf4 Nh5 17. Qd2 1/2-1/2

[Event "Geller Memorial"]
[Site "Moscow"]
[Date "1999.02.04"]
[Round "3.14"]
[White "Matveeva, Svetlana"]
[Black "Kobalija, Mihail"]
[Result "0-1"]
[WhiteElo "2405"]
[BlackElo "2537"]
[PlyCount "65"]
[EventDate "1999.02.02"]

1. d4 f5 2. Bf4 Nf6 3. e3 e6 4. Be2 b6 5. Bf3 d5 6. c4 Be7 7. Nc3 O-O 8. cxd5
Nxd5 9. Nxd5 exd5 10. Bxc7 Qd7 11. a3 Bb7 12. Bxb8 Raxb8 13. Ne2 g5 14. g3 Rbd8
15. Rc1 Bd6 16. Nc3 Bb8 17. O-O Rf6 18. Re1 Kh8 19. Bg2 f4 20. exf4 gxf4 21.
Rc2 Qf7 22. Rce2 Bd6 23. Qa4 Bf8 24. Re8 fxg3 25. fxg3 Bc6 26. Qxc6 Rxc6 27.
Rxd8 Rd6 28. Bxd5 Qf6 29. Rc8 Qxd4+ 30. Kg2 Rf6 31. Re2 h5 32. Rc4 Qd3 33. Rce4
0-1

[Event "Geller Memorial"]
[Site "Moscow"]
[Date "1999.02.04"]
[Round "3.16"]
[White "Chuprov, Dmitry"]
[Black "Zakharevich, Igor"]
[Result "0-1"]
[WhiteElo "2400"]
[BlackElo "2532"]
[PlyCount "130"]
[EventDate "1999.02.02"]

1. e4 d6 2. d4 Nf6 3. Bd3 g6 4. Nf3 Bg7 5. O-O O-O 6. Re1 Bg4 7. h3 Bxf3 8.
Qxf3 Nfd7 9. c3 c5 10. dxc5 Nxc5 11. Bc2 Nc6 12. Be3 b5 13. Na3 Rb8 14. Rad1
Qc7 15. Qe2 b4 16. Nb5 Qb7 17. Nd4 bxc3 18. bxc3 Qc7 19. Rb1 Rfc8 20. Rec1 Rxb1
21. Bxb1 Rb8 22. f4 Na5 23. Nf3 Na4 24. e5 Nc4 25. Bd4 dxe5 26. fxe5 Rb2 27.
Qe4 Nab6 28. Rf1 Qd7 29. Bd3 h6 30. a4 e6 31. h4 Qd5 32. Qf4 Nxe5 33. Bxe5 Bxe5
34. Qxe5 Qxd3 35. Qb8+ Kg7 36. Ne5 Qe3+ 37. Kh1 Rf2 38. Rxf2 Qxf2 39. Nf3 Nd5
40. Qe5+ Kg8 41. Qb8+ Kg7 42. Qe5+ Nf6 43. a5 Qf1+ 44. Kh2 Qc4 45. Nd4 a6 46.
g4 Qd5 47. Qxd5 Nxd5 48. Nc2 g5 49. hxg5 hxg5 50. c4 Nc7 51. Kg3 Kf6 52. Kf3
Ke5 53. Ke3 f5 54. Nb4 fxg4 55. Nd3+ Kf5 56. Nc5 g3 57. Kf3 Ke5 58. Nb3 g2 59.
Kxg2 Ke4 60. Kg3 Kd3 61. Kg4 Kxc4 62. Nd2+ Kb4 63. Kxg5 Kxa5 64. Kf6 Kb4 65.
Ke5 a5 0-1

[Event "Geller Memorial"]
[Site "Moscow"]
[Date "1999.02.04"]
[Round "3.18"]
[White "Beshukov, Sergei"]
[Black "Panikarovsky, Alexey"]
[Result "1-0"]
[WhiteElo "2511"]
[BlackElo "2407"]
[PlyCount "83"]
[EventDate "1999.02.02"]

1. e4 c5 2. d3 d5 3. exd5 Nf6 4. c4 e6 5. dxe6 Bxe6 6. Nf3 Nc6 7. Nc3 Qd7 8.
Be2 O-O-O 9. Bf4 Bd6 10. Bxd6 Qxd6 11. O-O h6 12. Qa4 Kb8 13. Nb5 Qe7 14. b4 a6
15. bxc5 Qxc5 16. Nc3 Nd4 17. Nxd4 Qxd4 18. Qa5 Bg4 19. Rab1 Bxe2 20. Nxe2 Qxd3
21. Qxa6 Rd7 22. Ng3 Rc8 23. Rfc1 Rc5 24. Qa4 Rdc7 25. Rb3 Qd4 26. Ra3 Rc8 27.
Qa7+ Kc7 28. Rb3 Nd7 29. Rxb7+ Kd8 30. Rbb1 R8c7 31. Qa8+ Rc8 32. Qb7 R8c7 33.
Qa8+ Rc8 34. Qf3 Ne5 35. Qe2 Nd7 36. Qf3 Ne5 37. Qe2 Nd7 38. Rb4 R8c7 39. Nf1
Ne5 40. Ne3 Ke8 41. Nd1 Ra7 42. Qb2 1-0

[Event "Geller Memorial"]
[Site "Moscow"]
[Date "1999.02.04"]
[Round "3.19"]
[White "Potkin, Vladimir"]
[Black "Chekhov, Valery A"]
[Result "1/2-1/2"]
[WhiteElo "2400"]
[BlackElo "2511"]
[PlyCount "52"]
[EventDate "1999.02.02"]

1. e4 c5 2. c3 d5 3. exd5 Qxd5 4. d4 Nf6 5. Nf3 Bg4 6. Be2 e6 7. O-O Nc6 8. h3
Bh5 9. Be3 cxd4 10. cxd4 Be7 11. Nc3 Qd6 12. Qb3 O-O 13. Rfd1 Rfd8 14. a3 a6
15. Rac1 b5 16. d5 Na5 17. Qa2 exd5 18. g4 Bg6 19. g5 Ne4 20. Nxd5 Qe6 21. Bb6
Bd6 22. Bxa5 Qxh3 23. Bxd8 Qg4+ 24. Kf1 Qh3+ 25. Kg1 Qg4+ 26. Kf1 Qh3+ 1/2-1/2

[Event "Geller Memorial"]
[Site "Moscow"]
[Date "1999.02.04"]
[Round "3.20"]
[White "Ovetchkin, Roman"]
[Black "Hait, Alexander"]
[Result "1/2-1/2"]
[WhiteElo "2511"]
[BlackElo "2400"]
[PlyCount "91"]
[EventDate "1999.02.02"]

1. e4 e6 2. d4 d5 3. Nc3 Bb4 4. exd5 exd5 5. Bd3 Nc6 6. a3 Bxc3+ 7. bxc3 Nge7
8. Qh5 Qd6 9. Rb1 b6 10. Nf3 g6 11. Qg5 f6 12. Qe3 O-O 13. O-O Nf5 14. Qd2 Be6
15. Qd1 Na5 16. Nd2 Qd7 17. Qf3 Rac8 18. Re1 c5 19. Bb5 Nc6 20. dxc5 bxc5 21.
Nb3 Qd6 22. Bxc6 Rxc6 23. Bf4 Qd7 24. h3 Bf7 25. Rbd1 Re8 26. Re2 Kg7 27. Rde1
Rxe2 28. Qxe2 Re6 29. Qd2 Rxe1+ 30. Qxe1 c4 31. Nd2 Qe7 32. Qxe7 Nxe7 33. Be3
Nc6 34. Bd4 g5 35. Nf1 Be6 36. f3 h5 37. Kf2 Kf7 38. Ne3 a6 39. Bc5 Ne5 40. Bd6
Nc6 41. Bc5 Na5 42. Bd4 Nb7 43. g4 hxg4 44. hxg4 Nd6 45. Ke2 f5 46. Be5 1/2-1/2

[Event "Geller Memorial"]
[Site "Moscow"]
[Date "1999.02.04"]
[Round "3.21"]
[White "Bykov, Andrei"]
[Black "Nikolenko, Oleg"]
[Result "0-1"]
[WhiteElo "2391"]
[BlackElo "2510"]
[PlyCount "60"]
[EventDate "1999.02.02"]

1. d4 Nf6 2. c4 e6 3. Nc3 Bb4 4. Qc2 c5 5. dxc5 Na6 6. Nf3 Nxc5 7. a3 Bxc3+ 8.
Qxc3 b6 9. e3 O-O 10. Be2 Ba6 11. b4 Nce4 12. Qb3 Qc7 13. Bb2 Ng4 14. O-O Nd2
15. Be5 Nxf3+ 16. Bxf3 Nxe5 17. Bxa8 Bxc4 18. Rfc1 Rxa8 19. h3 d5 20. a4 Qe7
21. Qc3 Nd3 22. Rcb1 Qh4 23. Qd2 e5 24. b5 h6 25. a5 Re8 26. axb6 axb6 27. f3
e4 28. f4 Qg3 29. Rf1 Bxb5 30. Rab1 Bc4 0-1

[Event "Geller Memorial"]
[Site "Moscow"]
[Date "1999.02.04"]
[Round "3.22"]
[White "Bakhtadze, Giorgi"]
[Black "Kiselev, Sergey"]
[Result "1/2-1/2"]
[WhiteElo "2384"]
[BlackElo "2500"]
[PlyCount "57"]
[EventDate "1999.02.02"]

1. e4 c5 2. Nf3 Nc6 3. d4 cxd4 4. Nxd4 Nf6 5. Nc3 d6 6. Be3 Ng4 7. Bg5 Qb6 8.
Bb5 Bd7 9. O-O Qxd4 10. Bxc6 Qxd1 11. Bxd7+ Kxd7 12. Raxd1 h6 13. Bc1 g5 14. f4
gxf4 15. Bxf4 f6 16. h3 Ne5 17. Bxe5 fxe5 18. Rf7 Ke8 19. Rdf1 Rc8 20. R1f2 a6
21. Kf1 b5 22. Nd5 Rc4 23. g3 h5 24. b3 Rxe4 25. Nc7+ Kd7 26. Nd5 Ke8 27. Nc7+
Kd7 28. Nd5 Ke8 29. Nc7+ 1/2-1/2

[Event "Geller Memorial"]
[Site "Moscow"]
[Date "1999.02.04"]
[Round "3.26"]
[White "Grigoriants, Sergey"]
[Black "Dragomarezkij, Evgeni"]
[Result "1-0"]
[WhiteElo "2313"]
[BlackElo "2486"]
[PlyCount "69"]
[EventDate "1999.02.02"]

1. e4 c6 2. d4 d5 3. exd5 cxd5 4. c4 Nf6 5. Nc3 e6 6. Nf3 Be7 7. cxd5 Nxd5 8.
Bc4 Nxc3 9. bxc3 Qc7 10. Qd3 Nd7 11. O-O O-O 12. Bb3 Rd8 13. Bc2 Nf8 14. Ne5
Bd7 15. Bb2 Be8 16. Qh3 b5 17. Rac1 Qb6 18. Rfe1 Rac8 19. Bb3 Rc7 20. c4 bxc4
21. Nxc4 Qb7 22. Ne3 Rxc1 23. Rxc1 Ba4 24. d5 Bxb3 25. axb3 f6 26. dxe6 Qxb3
27. Bc3 Nxe6 28. Ba5 Re8 29. Qh5 Rb8 30. h4 Nf4 31. Qg4 Qa3 32. Rc7 Qxa5 33.
Rxe7 g5 34. Nf5 Qd5 35. hxg5 1-0

[Event "Geller Memorial"]
[Site "Moscow"]
[Date "1999.02.04"]
[Round "3.27"]
[White "Kuporosov, Viktor"]
[Black "Lopushnoy, Denis"]
[Result "1/2-1/2"]
[WhiteElo "2485"]
[BlackElo "2399"]
[PlyCount "67"]
[EventDate "1999.02.02"]

1. Nf3 Nf6 2. c4 e6 3. Nc3 d5 4. d4 Bb4 5. Bg5 c5 6. e3 Qa5 7. Bxf6 Bxc3+ 8.
bxc3 gxf6 9. cxd5 exd5 10. Qd2 Rg8 11. g3 c4 12. Bg2 Nc6 13. O-O Be6 14. Rfe1
f5 15. Nh4 O-O-O 16. Rab1 Ne7 17. Rb4 Rd6 18. Reb1 Rb6 19. Bh3 Rxb4 20. Rxb4
Qc7 21. Qe2 Kb8 22. Ng2 Rd8 23. Nf4 Nc6 24. Rb1 Qa5 25. Qb2 Qc7 26. f3 Rd6 27.
Qc2 Qa5 28. Bg2 a6 29. e4 Ne7 30. Qb2 Qc7 31. Re1 Qa5 32. Rb1 Qc7 33. Re1 Qa5
34. Rb1 1/2-1/2

[Event "Geller Memorial"]
[Site "Moscow"]
[Date "1999.02.04"]
[Round "3.29"]
[White "Akhmadeev, Vadim"]
[Black "Arkhangelsky, Boris"]
[Result "1/2-1/2"]
[WhiteElo "2467"]
[BlackElo "2382"]
[PlyCount "149"]
[EventDate "1999.02.02"]

1. e4 c6 2. d4 d5 3. Nd2 dxe4 4. Nxe4 Bf5 5. Nc5 b6 6. Nb3 e6 7. Nf3 Bd6 8. g3
Nf6 9. Bg2 O-O 10. O-O Nbd7 11. Nbd2 Rc8 12. Nc4 Bb8 13. b3 b5 14. Ne3 Be4 15.
c4 Bd6 16. Qe2 a6 17. Rd1 Qe7 18. Bb2 Ba3 19. Bc3 Rfe8 20. Ng4 bxc4 21. Nxf6+
Nxf6 22. bxc4 Bb4 23. Bb2 Ba3 24. c5 Bxb2 25. Qxb2 Rb8 26. Qa3 Qb7 27. Ne5 Bxg2
28. Kxg2 Nd5 29. Rdb1 Qa8 30. Qf3 f6 31. Nc4 Re7 32. Qa3 Reb7 33. Re1 Rb4 34.
Rac1 Qb7 35. Rxe6 Qf7 36. Re4 Rxc4 37. Rxc4 Nf4+ 38. Rxf4 Qxc4 39. Qf3 Rb1 40.
Kh3 Qe6+ 41. Qg4 Kf7 42. Re4 Qxg4+ 43. Kxg4 Rb2 44. Kf3 Rxa2 45. Re3 Ra4 46.
Ke4 Ke6 47. g4 g6 48. f4 f5+ 49. gxf5+ gxf5+ 50. Kd3+ Kd7 51. Re5 Ra3+ 52. Kc4
Ra4+ 53. Kc3 Ra3+ 54. Kb4 Rh3 55. Rxf5 Rxh2 56. Rf6 h5 57. Rd6+ Kc7 58. Rh6
Rb2+ 59. Kc4 Rf2 60. Rh7+ Kc8 61. Rf7 h4 62. Kd3 h3 63. Ke3 Rf1 64. Rh7 Rh1 65.
Kf2 h2 66. Kg2 Rd1 67. Kxh2 Rxd4 68. Kg3 Rd5 69. Kg4 Rxc5 70. f5 Kd8 71. Kg5
Rc1 72. Ra7 c5 73. Kg6 c4 74. Rxa6 Kd7 75. Ra7+ 1/2-1/2

[Event "Geller Memorial"]
[Site "Moscow"]
[Date "1999.02.04"]
[Round "3.31"]
[White "Vokarev, Sergey"]
[Black "Igriashvili, Zurab"]
[Result "1-0"]
[WhiteElo "2462"]
[BlackElo "2327"]
[PlyCount "159"]
[EventDate "1999.02.02"]

1. e4 e5 2. Nf3 d6 3. d4 Nd7 4. Bc4 c6 5. O-O Be7 6. dxe5 Nxe5 7. Nxe5 dxe5 8.
Qh5 g6 9. Qxe5 Nf6 10. Bh6 Rg8 11. Bg5 Ng4 12. Qxe7+ Qxe7 13. Bxe7 Kxe7 14. Nd2
Be6 15. Rfd1 Ne5 16. Bxe6 fxe6 17. Nb3 g5 18. Nc5 Rad8 19. Kf1 b6 20. Nd3 Nxd3
21. Rxd3 Rxd3 22. cxd3 c5 23. h3 Rd8 24. Ke2 h5 25. Rc1 a5 26. Ke3 e5 27. g3
Rg8 28. b3 Kd6 29. Rf1 Ke6 30. a4 Rg7 31. Rh1 Rf7 32. f3 Rf8 33. Rh2 Rg8 34. h4
g4 35. Rf2 gxf3 36. Rxf3 b5 37. axb5 Rb8 38. Kd2 Rxb5 39. Kc3 Rb4 40. Rf5 a4
41. bxa4 Rxa4 42. Rxh5 c4 43. Rh6+ Kd7 44. g4 cxd3 45. Kxd3 Ra3+ 46. Kc4 Ra4+
47. Kc5 Rxe4 48. Rg6 Ra4 49. Kd5 Ke7 50. Kxe5 Kf7 51. h5 Rb4 52. Kf5 Rb5+ 53.
Kf4 Ra5 54. Rg5 Ra4+ 55. Kg3 Kf6 56. Rg6+ Kf7 57. Kh4 Ra5 58. Rb6 Kg7 59. Rb7+
Kg8 60. h6 Rc5 61. g5 Rc6 62. Kh5 Rc5 63. Rg7+ Kh8 64. Re7 Ra5 65. Kg6 Ra6+ 66.
Kf5 Ra1 67. Kf6 Rf1+ 68. Kg6 Rf8 69. Kh5 Rf5 70. Kg4 Rf1 71. g6 Rg1+ 72. Kf5
Rf1+ 73. Ke6 Re1+ 74. Kd7 Rd1+ 75. Ke8 Kg8 76. Rg7+ Kh8 77. Rd7 Rg1 78. Kf7
Rf1+ 79. Ke7 Re1+ 80. Kf8 1-0

[Event "Geller Memorial"]
[Site "Moscow"]
[Date "1999.02.04"]
[Round "3.33"]
[White "Deviatkin, Andrei"]
[Black "Vlassov, Nikolai"]
[Result "1/2-1/2"]
[WhiteElo "2284"]
[BlackElo "2454"]
[PlyCount "70"]
[EventDate "1999.02.02"]

1. e4 Nc6 2. Nf3 d5 3. exd5 Qxd5 4. Nc3 Qa5 5. Bb5 Bd7 6. O-O a6 7. Bxc6 Bxc6
8. d4 e6 9. Ne5 Bd6 10. Nc4 Qf5 11. d5 Bxd5 12. Ne3 Qf4 13. g3 Qf3 14. Nexd5
Qxd1 15. Rxd1 exd5 16. Nxd5 Ne7 17. Nxe7 Bxe7 18. Rd5 Rd8 19. Rxd8+ Kxd8 20.
Bf4 Bf6 21. c3 Re8 22. Rd1+ Kc8 23. Kf1 Re4 24. Rd2 Rc4 25. f3 b5 26. Ke2 a5
27. Kd3 a4 28. Rc2 Rc5 29. b3 Rd5+ 30. Ke2 Rf5 31. Be3 Kd7 32. f4 h5 33. Rd2+
Ke6 34. Bd4 Be7 35. Be5 Bd6 1/2-1/2

[Event "Geller Memorial"]
[Site "Moscow"]
[Date "1999.02.04"]
[Round "3.34"]
[White "Maximov, Alexey"]
[Black "Solovjov, Sergey"]
[Result "0-1"]
[WhiteElo "2229"]
[BlackElo "2447"]
[PlyCount "124"]
[EventDate "1999.02.02"]

1. d4 Nf6 2. c4 g6 3. Nc3 Bg7 4. e4 d6 5. h3 O-O 6. Bg5 c5 7. d5 e6 8. Bd3 exd5
9. exd5 Nbd7 10. Nge2 Ne5 11. O-O h6 12. Bf4 Nfd7 13. b3 f5 14. Bh2 Nxd3 15.
Qxd3 Ne5 16. Qd2 Bd7 17. Rae1 Qf6 18. f4 Nf7 19. Kh1 Rae8 20. Nd1 Re7 21. Bg1
Rfe8 22. Be3 a6 23. Qd3 b5 24. g3 b4 25. Ng1 a5 26. Re2 a4 27. Rfe1 g5 28. Nf3
g4 29. hxg4 fxg4 30. Nh4 h5 31. Qg6 Nh6 32. Qxh5 Nf5 33. Nxf5 Qxf5 34. Qxf5
Bxf5 35. Kg1 a3 36. Kf2 Be4 37. Bxc5 dxc5 38. d6 Bd4+ 39. Kf1 Rh7 40. Nf2 Bxf2
41. Rxe4 Rxe4 42. Rxe4 Bxg3 43. Re8+ Kf7 44. Re7+ Kg6 45. d7 Rxe7 46. d8=Q Bh4
47. Qd3+ Kg7 48. Kg2 Kf6 49. Kh2 Re8 50. Qd6+ Kf5 51. Qd7+ Re6 52. Qh7+ Kxf4
53. Qxh4 Re2+ 54. Kg1 Rxa2 55. Qf6+ Ke4 56. Qc6+ Kd4 57. Qd6+ Kc3 58. Qxc5 Rc2
59. Qe5+ Kxb3 60. c5 a2 61. Qe3+ Rc3 62. Qe1 Kb2 0-1

[Event "Geller Memorial"]
[Site "Moscow"]
[Date "1999.02.04"]
[Round "3.39"]
[White "Filipenko, Alexander V"]
[Black "Volkov, Sergey"]
[Result "1/2-1/2"]
[WhiteElo "2360"]
[BlackElo "2587"]
[PlyCount "102"]
[EventDate "1999.02.02"]

1. e4 e6 2. d4 d5 3. Nc3 Nf6 4. Bg5 Bb4 5. e5 h6 6. Be3 Ne4 7. Qg4 Kf8 8. a3
Bxc3+ 9. bxc3 c5 10. Bd3 Nxc3 11. dxc5 Nc6 12. Nf3 f5 13. exf6 Qxf6 14. Qh5 e5
15. Bg6 Kg8 16. O-O Ne2+ 17. Kh1 Nf4 18. Bxf4 Qxf4 19. h3 Be6 20. c3 Bf7 21.
Rab1 Bxg6 22. Qxg6 Qf7 23. Qxf7+ Kxf7 24. Rxb7+ Kf6 25. Rfb1 Rhb8 26. Rxb8 Rxb8
27. Rxb8 Nxb8 28. Kg1 Ke6 29. Kf1 Nc6 30. Ke2 d4 31. cxd4 exd4 32. Kd3 Kd5 33.
Nh4 Ne7 34. Nf3 Nc6 35. Nh4 h5 36. Nf5 g6 37. Nh4 Ne5+ 38. Kc2 g5 39. Nf5 Kxc5
40. Ng7 Kc4 41. Nxh5 d3+ 42. Kd1 Kd4 43. Nf6 Nc4 44. g3 Nxa3 45. h4 gxh4 46.
gxh4 Nc4 47. h5 Nd6 48. h6 Nf7 49. h7 a5 50. Kd2 a4 51. Ne8 Nh8 1/2-1/2

[Event "Geller Memorial"]
[Site "Moscow"]
[Date "1999.02.04"]
[Round "3.41"]
[White "Volzhin, Alexander"]
[Black "Pres, Grigoriy"]
[Result "1-0"]
[WhiteElo "2543"]
[BlackElo "2352"]
[PlyCount "70"]
[EventDate "1999.02.02"]

1. d4 e6 2. c4 f5 3. Nc3 Nf6 4. Qc2 d5 5. Nf3 c6 6. Bf4 Be7 7. e3 O-O 8. Bd3
Ne4 9. g4 Qa5 10. gxf5 exf5 11. cxd5 cxd5 12. Ke2 Be6 13. Qb3 Nxc3+ 14. bxc3 b6
15. Rhg1 Rc8 16. Rac1 Nc6 17. h4 Qa3 18. Bxf5 Bxf5 19. Qxd5+ Kh8 20. Qxf5 Qxa2+
21. Kf1 Rf8 22. Qh5 Qc4+ 23. Kg2 g6 24. Qg4 Rad8 25. h5 Bd6 26. hxg6 Rg8 27.
Rh1 Rg7 28. Rxh7+ Rxh7 29. gxh7 Bxf4 30. Qxf4 Qe6 31. Rh1 Qg6+ 32. Qg3 Qxg3+
33. Kxg3 Rd7 34. Ng5 a5 35. Rh6 Rc7 1-0

[Event "Geller Memorial"]
[Site "Moscow"]
[Date "1999.02.04"]
[Round "3.48"]
[White "Gavritenkov, Sergei"]
[Black "Maljutin, Evgeni"]
[Result "1/2-1/2"]
[WhiteElo "2312"]
[BlackElo "2440"]
[PlyCount "56"]
[EventDate "1999.02.02"]

1. e4 d5 2. exd5 Nf6 3. Bb5+ Bd7 4. Bc4 Bg4 5. f3 Bc8 6. Nc3 Nbd7 7. d4 Nb6 8.
Bb3 Nbxd5 9. Nxd5 Nxd5 10. c4 Nf6 11. Be3 e6 12. Ne2 Be7 13. O-O O-O 14. Bc2 a6
15. Qd3 b5 16. b3 bxc4 17. bxc4 c5 18. Rfd1 cxd4 19. Bxd4 Rb8 20. Ng3 g6 21.
Qc3 Nd7 22. Ne4 Qc7 23. Ba7 Bb4 24. Nf6+ Nxf6 25. Qxf6 Be7 26. Qc3 Bb4 27. Qf6
Be7 28. Qc3 Bb4 1/2-1/2

[Event "Geller Memorial"]
[Site "Moscow"]
[Date "1999.02.04"]
[Round "3.49"]
[White "Daschian, Nikolai V."]
[Black "Volodin, Alexey"]
[Result "1-0"]
[WhiteElo "2435"]
[BlackElo "2300"]
[PlyCount "55"]
[EventDate "1999.02.02"]

1. d4 f5 2. Nc3 Nf6 3. Bg5 d5 4. e3 g6 5. Bd3 Bg7 6. Nf3 O-O 7. Ne2 Be6 8. h4
Nh5 9. Nf4 Nxf4 10. Bxf4 c5 11. h5 Qb6 12. Ng5 Nd7 13. hxg6 hxg6 14. c3 Bf7 15.
g4 e5 16. dxe5 Bxe5 17. gxf5 Bxf4 18. fxg6 Bxg6 19. Bxg6 Bxg5 20. Qxd5+ Kg7 21.
Qxd7+ Kxg6 22. O-O-O Rad8 23. Qh7+ Kf6 24. f4 Rxd1+ 25. Rxd1 Bxf4 26. exf4 Rf7
27. Qh8+ Ke7 28. Re1+ 1-0

[Event "Geller Memorial"]
[Site "Moscow"]
[Date "1999.02.04"]
[Round "3.94"]
[White "Tuturin, Sergey"]
[Black "Abzirko, Nikolay"]
[Result "1-0"]
[WhiteElo "2248"]
[BlackElo "2095"]
[PlyCount "137"]
[EventDate "1999.02.02"]

1. e4 e5 2. Nf3 Nc6 3. Nc3 Nf6 4. g3 Bc5 5. Bg2 d6 6. d3 Be6 7. Na4 Bb6 8. Ng5
Qd7 9. Nxb6 axb6 10. Nxe6 Qxe6 11. a3 O-O 12. O-O d5 13. f3 Rfd8 14. Bg5 Ne7
15. Qe2 h6 16. Bd2 Qd6 17. Rae1 Ng6 18. Kh1 c6 19. Bh3 Re8 20. Qf2 c5 21. Re2
Re7 22. Rfe1 Rd8 23. Bf5 dxe4 24. fxe4 Nf8 25. Rf1 N8h7 26. Re3 Nd7 27. Rf3 f6
28. Qg2 Ndf8 29. R3f2 Rc7 30. b3 Ne6 31. Qh3 Nhg5 32. Qh5 Qe7 33. h4 Nf7 34.
Qg6 Nf8 35. Qg4 Kh8 36. a4 Nd6 37. Qh5 Nxf5 38. Rxf5 Qe8 39. Qg4 Qg6 40. Qh3
Ne6 41. h5 Qh7 42. a5 b5 43. a6 b6 44. Rxf6 gxf6 45. Qxe6 Qf7 46. Qxf6+ Qxf6
47. Rxf6 Rb8 48. Bc3 Re7 49. a7 Ra8 50. Rxh6+ Kg8 51. Rg6+ Kh7 52. Rxb6 b4 53.
Bd2 Raxa7 54. Rc6 Rac7 55. Rxc7 Rxc7 56. Be3 Ra7 57. Bxc5 Ra2 58. Bxb4 Rxc2 59.
Bd6 Rc3 60. Bxe5 Rxd3 61. Bf4 Rxb3 62. Kg2 Rb5 63. e5 Kg7 64. Kh3 Rb1 65. Kg4
Rh1 66. Kg5 Re1 67. Kf5 Kf7 68. h6 Rh1 69. g4 1-0